000 01043naa a22002777a 4500
001 BR8405311
003 BR-BrBNA
005 20240918175502.0
007 ta
008 230509b bl.||||| |||| 00| 0 por d
040 _aBR-BrBNA
_bpor
_cBiblioteca Nacional de Agricultura
041 _a(Pt)
072 _aH60
_b0336
090 _aH60 BR8405311
100 1 _aMikusinski-Costa, O.M.
111 1 _a1. Reuniao Anual de Pesquisa de Soja
_cPorto Alegre, RS (Brazil)
_d18-20 Jul 1984
245 1 _aProfundidade de semeadura e emergencia do joa Solanum sisymbriifolium LAM
260 3 _aPorto Alegre, RS (Brasil):
_c1984.
500 _aReuniao Anual de Pesquisa de Soja. Resultados de pesquisa 1983/84 Porto Alegre, RS (Brasil): 1984. p. 137-140 (BR8405311-AM)H60
650 _aSOJA
650 _aJOA BRAVO
650 _aBIOLOGIA
773 0 _tReuniao Anual de Pesquisa de Soja. Resultados de pesquisa 1983/84
_wH60 BR8405311
_gPorto Alegre, RS (Brasil), 1984. p. 137-140
909 _a202404
_bLucia
_c55
_dLucia Elande
942 _cAM
_2AGRIS
999 _c316942
_d316942